000 00328nam a22001457a 4500
003 OSt
008 220827b |||||||| |||| 00| 0 eng d
020 _a8181284488
082 _a537
_bLAC/MA
100 _aed, lacheisserie
_95251
245 _aMagnetism fundamentals
260 _bspringer
_c2006
300 _a507
942 _cBK
999 _c17553
_d17553